000 00626nam a2200145Ia 4500
005 20260209120127.0
008 260209s9999||||xx |||||||||||||| ||und||
100 _aVarghese G Thekkal
245 0 _aTrans-border merger : corporate, security and tax law implications
260 _aBangaloreBangalore
_bNLSIU
_c2009
300 _a98 p. ; 25 cm.
650 _aTrans-border Mergers - Corporate Law Issues Trans-border Mergers - Security Law Issues Trans-border Mergers - Tax Law Issues
700 _aProf. M P Padmanabha Pillai - GuideProf. M P Padmanabha Pillai - Guide
856 _uhttps://dans.nls.ac.in/handle/123456789/1982
999 _c216898
_d216898